M. A. JINNAH ISPAHANI CORRSPONDENCE 1936-1948 (Record no. 581733)

000 -LEADER
fixed length control field 00265nam a22001097a 4500
082 ## - DEWEY DECIMAL CLASSIFICATION NUMBER
Classification number 923.195491 MUH'Z
100 ## - MAIN ENTRY--PERSONAL NAME
Personal name ZAIDI, Z. H
9 (RLIN) 7872
245 ## - TITLE STATEMENT
Title M. A. JINNAH ISPAHANI CORRSPONDENCE 1936-1948
260 ## - PUBLICATION, DISTRIBUTION, ETC.
Place of publication, distribution, etc. KARACHI
Name of publisher, distributor, etc. FORWARD
Date of publication, distribution, etc. 1976
300 ## - PHYSICAL DESCRIPTION
Extent 718P
942 ## - ADDED ENTRY ELEMENTS (KOHA)
Koha item type Book
Holdings
Withdrawn status Lost status Source of classification or shelving scheme Damaged status Not for loan Permanent Location Current Location Shelving location Date acquired Full call number Barcode Date last seen Price effective from Koha item type
  Write Off       College of Electrical & Mechanical Engineering (CEME) College of Electrical & Mechanical Engineering (CEME) Write Off 05/29/2017 923.195491 MUH'Z CEME-11928 06/28/2021 06/28/2021 Book
© 2023 Central Library, National University of Sciences and Technology. All Rights Reserved.